000 00217nam a2200097Ia 4500
005 20251222114413.0
008 251222s1900||||xx |||||||||||||| ||spa||
082 _aDVD0120/O46/1978
245 0 _aTannhäuser:
942 _cDVD
999 _c2100
_d2100